| 000 | 00915cam a2200253 a 4500 | ||
|---|---|---|---|
| 005 | 20141020082133.0 | ||
| 008 | 141020s2003 sp d fr 000 0 spa c | ||
| 020 | _a8434412969 | ||
| 020 | _a9788434412965 | ||
| 040 |
_aCO-BoUCM _bspa _cJose A. Gerena _dJose A. Gerena |
||
| 041 | 0 | _aspa | |
| 245 | 0 | 0 |
_aComunicación política en televisión y nuevos medios _ccoordinado por Salomé Berrocal |
| 260 |
_aBarcelona (España) _bAriel _c2003 |
||
| 300 |
_a348 páginas _bcuadros, gráficas |
||
| 490 | 1 | _aAriel comunicación | |
| 650 | 7 |
_aCiencia política _926457 |
|
| 650 | 7 |
_aTelevisión y política _925205 |
|
| 650 | 7 |
_aPolítica y medios de comunicación de masas _922044 |
|
| 650 | 7 |
_aCampañas políticas _910375 |
|
| 690 |
_942754 _aCiencia política |
||
| 700 | 1 |
_aBerrocal, Salomé _ecoordinador _965380 |
|
| 942 |
_2DEWEY _a6 _cLIBRO _e1 _h324.73 _mC741c |
||
| 999 |
_c296674 _d296674 |
||